Statistics for NFL teams best player OAT

Click here to take the quiz!

General Stats

  • This quiz has been taken 34 times
    (15 since last reset)
  • The average score is 16 of 32

Answer Stats

TeamPlayer% Correct
ColtsPeyton Manning
93%
PatriotsTom Brady
93%
LionsBarry Sanders
79%
FalconsDeion Sanders
79%
49ersJerry Rice
79%
BrownsJim Brown
79%
BearsWalter Payton
79%
BillsBruce Smith
71%
DolphinsDan Marino
71%
SaintsDrew Brees
71%
CowboysEmmitt Smith
71%
BroncosJohn Elway
71%
GiantsLawrence Taylor
64%
RavensRay Lewis
57%
ChiefsTony Gonzalez
57%
SteelersJoe Greene
50%
CardinalsLarry Fitzgerald
50%
EaglesReggie White
50%
VikingsAdrian Peterson
36%
SeahawksSteve Largent
36%
RamsAaron Donald
29%
BengalsAnthony Munoz
29%
TexansJ.J. Watt
29%
TitansBruce Matthews
21%
BuccaneersDerrick Brooks
21%
PackersDon Hutson
21%
ChargersLance Alworth
21%
PanthersLuke Kuechly
21%
JetsDarrelle Revis
14%
CommandersSammy Baugh
14%
RaidersJim Otto
7%
JaguarsTony Boselli
0%

Score Distribution

Percentile by Number Answered

Percent of People with Each Score

Your Score History

You have not taken this quiz since the last reset